000 00382 a2200157 4500
001 72764
020 _a8523203648
040 _cAnchieta - Colégio São Paulo
100 _aSouza, Renato dos Santos
240 1 0 _aHistória na contemporaneidade
_lpor
245 1 0 _aHistória na contemporaneidade
300 _a251
362 0 _a2005
650 4 _aHistória do mundo
942 _cBK
999 _c72764
_d72764